000 00461nam a2200157Ia 4500
003 OSt
008 200919s9999||||xx |||||||||||||| ||und||
020 _a9789385045400
041 _aeng
082 _a954.83
_bJAL/MA
100 _aJaleel K T
_95370
245 0 _aMalabarkalapam : Oru Punarvayana
_bമലബാർ കലാപം: ഒരു പുനർവായന
260 _aChintha Publications
_bThiruvananthapuram
_c2022
300 _a216p
942 _cBK
999 _c17613
_d17613